| 000 | 00871na a2200265 4500 | ||
|---|---|---|---|
| 001 | 19667 | ||
| 003 | MIRAKIL | ||
| 005 | 20181213155137.0 | ||
| 008 | 170116b tu 000 0 | ||
| 035 | _a19667 | ||
| 040 |
_aMilas _btur _cTR-AnCHP |
||
| 041 | _atur | ||
| 082 |
_a324.9561 _bT85y 1994 |
||
| 090 | _a324.9561 T85y 1994 | ||
| 100 | _aTuncer, Erol | ||
| 245 |
_a27 Mart 1994 yerel seçimler sayısal ve siyasal değerlendirme _cErol Tuncer |
||
| 250 | _a2.bs. | ||
| 260 |
_a[Ankara] _bToplumsal Ekonomik Siyasal Araştırmalar Vakfı (TESAV) _c1994 |
||
| 300 |
_a162 s. _btbl. _c20 sm. |
||
| 490 |
_aToplumsal Ekonomik Siyasal Araştırmalar Vakfı (TESAV) _v2 |
||
| 650 |
_aYerel seçimler _xSiyasal değerlendirme _zTürkiye |
||
| 650 |
_aYerel seçimler _xSayısal değerlendirme _zTürkiye |
||
| 650 |
_aYerel yönetimler _zTürkiye |
||
| 942 |
_2ddc _cBKS |
||
| 999 |
_c7380 _d7380 |
||